000 00912nam a2200229 a 4500
001 15522380
008 190130s2008 ||||||||||||||||| || u
010 _a2008300901
020 _a9781844075652 (alk. paper)
020 _a1844075656 (alk. paper)
050 _aQH 541.15.E245 Rec
100 _aWestra, Laura
245 1 0 _aReconciling human existence with ecological integrity : science, ethics, economics and law
_cEdited by Laura Westra, Klaus Bosselmann and Richard Westra.
260 _aLondon:
_bEarthscan
_c2008
300 _axxv, 351p.: ill.
350 _a53.11
500 _aIncludes bibliographical references and index.
650 0 _aECOLOGICAL INTERGRITY
700 _aWestra, Richard
700 _aBosselmann, Klaus
995 _FCBU-MAIN LIBRARY (Kitwe)
_I53.11
_M1
_UAVAILABLE
_WJan 30, 2019
_ZMain Library Open Access Collection
999 _c55772
_d55772